Reinhard Heydrich architekt totální moci

Bibliographic Details
Main Author: Deschner, Günther 1941- (Author)
Other Authors: Čadský, Vladimír (Translator), Šustek, Vojtěch 1968- (auv)
Format: Book
Language:Czech
PhysicalDescription:351 s. fotogr. 23 cm
Published: V Praze Rybka 2002
ISBN:8086182622
Edition:1. vyd.
Subjects:

MARC

LEADER 00000nam a2200000 a 4500
001 vtls001463711
003 SK-MaSNL
005 20260301073421.0
008 251031s2002 xr acf r 0 cze
020 |a 8086182622 
035 |a SNK000419016 
040 |a SNK  |b slo  |c SNK  |e AACR2 
041 0 |a cze 
043 |a e-gx--- 
044 |a CZ 
072 7 |a 929  |2 konspekt 
080 |a 929  |2 1981 
080 |a 329.17-051  |2 1981 
080 |a (092)  |2 1981 
100 1 |a Deschner, Günther  |d 1941-  |4 aut  |9 394428 
240 1 0 |a Statthalter der totalen Macht  |l Česky 
245 1 0 |a Reinhard Heydrich  |b architekt totální moci  |c Günther Deschner ; [ z německého originálu přeložil Vladimír Čadský ; doslov k českému vydání Vojtěch Šustek] 
250 |a 1. vyd. 
260 |a V Praze  |b Rybka  |c 2002 
300 |a 351 s.  |b fotogr.  |c 23 cm 
600 1 0 |a Heydrich, Reinhard,  |d 1904-1942  |2 SNK  |9 218238 
650 0 7 |a nacisti  |z Nemecko  |2 SNK  |9 68023 
650 0 7 |a biografia  |2 SNKPH  |9 71085 
655 7 |a biografie  |2 SNK  |9 27965 
655 7 |a biografie  |2 SNKPH  |9 27965 
700 1 |a Čadský, Vladimír  |4 trl  |9 64783 
700 1 |a Šustek, Vojtěch  |d 1968-  |4 auv  |9 394429 
730 |a Statthalter der totalen Macht  |9 394430 
919 |a 80-86182-62-2 
999 |c 644151  |d 646081 
952 |a SNK  |b SNKPULT  |y VYP  |7 0  |p 17A0404707  |o snkIC 130937  |i snkK 838/2003  |g 15.70  |0 0  |1 0  |4 0  |d 2003-11-24  |l 1  |m 3  |r 2026-05-11 12:25:25  |s 2026-02-28  |w 2026-02-23